<?xml version="1.0" encoding="UTF-8"?><?xml-stylesheet type="text/xsl" href="static/style.xsl"?><OAI-PMH xmlns="http://www.openarchives.org/OAI/2.0/" xmlns:xsi="http://www.w3.org/2001/XMLSchema-instance" xsi:schemaLocation="http://www.openarchives.org/OAI/2.0/ http://www.openarchives.org/OAI/2.0/OAI-PMH.xsd"><responseDate>2026-04-30T00:42:09Z</responseDate><request verb="GetRecord" identifier="oai:uvadoc.uva.es:10324/68307" metadataPrefix="marc">https://uvadoc.uva.es/oai/request</request><GetRecord><record><header><identifier>oai:uvadoc.uva.es:10324/68307</identifier><datestamp>2025-10-27T21:09:07Z</datestamp><setSpec>com_10324_38</setSpec><setSpec>col_10324_852</setSpec></header><metadata><record xmlns="http://www.loc.gov/MARC21/slim" xmlns:doc="http://www.lyncode.com/xoai" xmlns:xsi="http://www.w3.org/2001/XMLSchema-instance" xmlns:dcterms="http://purl.org/dc/terms/" xsi:schemaLocation="http://www.loc.gov/MARC21/slim http://www.loc.gov/standards/marcxml/schema/MARC21slim.xsd">
<leader>00925njm 22002777a 4500</leader>
<datafield tag="042" ind1=" " ind2=" ">
<subfield code="a">dc</subfield>
</datafield>
<datafield tag="720" ind1=" " ind2=" ">
<subfield code="a">Tocino Río, Alba</subfield>
<subfield code="e">author</subfield>
</datafield>
<datafield tag="260" ind1=" " ind2=" ">
<subfield code="c">2024</subfield>
</datafield>
<datafield tag="520" ind1=" " ind2=" ">
<subfield code="a">Los errores de medicación suponen un riesgo en la seguridad del paciente y la mayoría de ellos son prevenibles. Esta problemática cobra especial relevancia en las Unidades de Cuidados Intensivos donde los medicamentos constituyen uno de los principales recursos terapéuticos y su administración representa un riesgo significativo para la seguridad del paciente. El objetivo fue analizar la seguridad farmacológica y las principales medidas de actuación para prevenir errores farmacológicos en las unidades de cuidados críticos.&#xd;
Se trata de un estudio mixto, que incluye un estudio descriptivo observacional mediante una encuesta validada y la ejecución de una revisión sistemática del tema. El estudio fue aprobado por el Comité Ético De Investigación (PI 21-2419). Los datos han sido analizados en el programa SPSS y se estableció una significación estadística de p&lt;0,05.&#xd;
La muestra la componen 150 enfermeros, el 86% mujeres con una edad media de 36,4±10,7 años. Se identificó que la información insuficiente sobre el fármaco (76%) y las situaciones estresantes (50,7%) son los principales factores que contribuyen a errores de medicación. Además, el 78% de las enfermeras notificó el error al médico de guardia y el 37,4% lo resolvió por cuenta propia.&#xd;
Como conclusión, la seguridad farmacológica en las unidades especiales es un problema potencial que resta seguridad al paciente y la mayoría de los de los errores de medicación son prevenibles mediante intervenciones de enfermería.</subfield>
</datafield>
<datafield tag="024" ind2=" " ind1="8">
<subfield code="a">https://uvadoc.uva.es/handle/10324/68307</subfield>
</datafield>
<datafield ind1=" " ind2=" " tag="653">
<subfield code="a">Enfermería en cuidados intensivos</subfield>
</datafield>
<datafield ind1=" " ind2=" " tag="653">
<subfield code="a">Farmacología</subfield>
</datafield>
<datafield tag="245" ind1="0" ind2="0">
<subfield code="a">Implementación de intervenciones de enfermería para la seguridad farmacológica en unidades de cuidados intensivos: análisis situacional, factores de riesgo y revisión de evidencia</subfield>
</datafield>
</record></metadata></record></GetRecord></OAI-PMH>